[Event "It (open)"]
[Site "masterchessopen.com - Val Thorens (France)"]
[Round "1"]
[White "Cebalo Miso (CRO)"]
[Black "Depyl Pascal (FRA)"]
[Result "1-0"]
[WhiteElo "2478"]
[BlackElo "2232"]

1.d4 d6 2.Nf3 g6 3.c4 f5 4.g3 Bg7 5.Bg2 Nf6 6.O-O O-O 7.Nc3 Nc6 8.d5 Ne5 9.Qb3
Kh8 10.Nd4 Nh5 11.e3 Nd3 12.Nce2 Nc5 13.Qc2 e5 14.dxe6 c6 15.b3 Nxe6 16.Bb2
Nf6 17.Rad1 Nxd4 18.Nxd4 d5 19.Ne2 Be6 20.Nf4 Bf7 21.cxd5 Nxd5 22.Nxd5 Bxd5
23.Bxd5 cxd5 24.Bxg7+ Kxg7 25.Qc5 f4 26.Rxd5 {#r} 1-0

[Event "It (open)"]
[Site "masterchessopen.com - Vienna (Austria)"]
[Round "2"]
[White "Behling Robert (GER)"]
[Black "Spraggett Kevin (CAN)"]
[Result "0-1"]
[WhiteElo "2229"]
[BlackElo "2555"]

1.c4 f5 2.Nf3 Nf6 3.g3 g6 4.Bg2 Bg7 5.O-O O-O 6.d4 d6 7.Nc3 Nc6 8.d5 Ne5
9.Nxe5 dxe5 10.Qb3 Kh8 11.c5 h6 12.Rd1 g5 13.a4 f4 14.Ne4 Nxe4 15.Bxe4 Qe8
16.Ra3 Qh5 17.Qd3 g4 18.Rd2 Bf5 19.Rc2 Rad8 20.gxf4 exf4 21.Bxf4 Bxe4 22.Qxe4
Rxd5 23.Rd3 Rxd3 24.exd3 g3 25.f3 gxh2+ 26.Rxh2 Qxc5+ 27.Be3 Qd6 28.Rg2 b6
29.Rg6 Rf6 30.Rg2 Qe6 31.b4 Qxe4 32.fxe4 Rf3 {#R} 0-1

[Event "Ch Poland"]
[Site "masterchessopen.com - Warsaw (Poland)"]
[Round "0"]
[White "Jasnikowski Zbigniew (POL)"]
[Black "Pyda Zbigniew (POL)"]
[Result "1-0"]
[WhiteElo "2376"]
[BlackElo "2322"]

1.d4 d6 2.Nf3 f5 3.c4 Nf6 4.Nc3 g6 5.g3 Bg7 6.Bg2 O-O 7.O-O Nc6 8.d5 Ne5
9.Nxe5 dxe5 10.Qb3 h6 11.e4 f4 12.gxf4 Nh5 13.fxe5 e6 14.f4 Qh4 15.Ne2 exd5
16.cxd5 Bg4 17.Ng3 g5 18.Nxh5 Qxh5 19.h3 Be2 20.Rf2 gxf4 21.Bxf4 Kh8 22.Qe3
Bb5 23.e6 Rae8 24.a4 Ba6 25.Bxc7 Rxf2 26.Qxf2 Rf8 27.Qd2 Qg6 28.Ba5 Rg8 29.Bc3
Kh7 30.Rc1 b6 31.Kh1 Bxc3 32.Rxc3 Rg7 {#r} 1-0

[Event "Ch Oberschwaben"]
[Site "masterchessopen.com - Baden-Wuerttemberg (Germany)"]
[Round "3"]
[White "Weidel Albrecht (GER)"]
[Black "Lindenmaier Reinhard (GER)"]
[Result "1-0"]
[WhiteElo "2139"]
[BlackElo "2166"]

1.Nf3 f5 2.g3 Nf6 3.Bg2 g6 4.O-O Bg7 5.d4 O-O 6.c4 d6 7.Nc3 Nc6 8.d5 Na5 9.Qd3
c5 10.Bd2 Bd7 11.Rfe1 e5 12.dxe6 Bxe6 13.b3 h6 14.Rad1 a6 15.Bf4 Ne8 16.Qe3
Qf6 17.Bxd6 Nxd6 18.Rxd6 Rae8 19.Nd5 Qf7 20.Qxc5 Nc6 21.e3 g5 22.Rd1 g4 23.Nd4
Nxd4 24.exd4 Kh7 25.Nf4 Bc8 26.h3 Bf6 27.Bd5 Qe7 28.Qb6 {#r} 1-0

[Event "Ch Yugoslavia"]
[Site "masterchessopen.com - Banja Vrucica (Bosnia & Herzegovina)"]
[Round "0"]
[White "Simic Radoslav (SRB)"]
[Black "Matulovic Milan (SRB)"]
[Result "0-1"]
[WhiteElo "2380"]
[BlackElo "2394"]

1.d4 g6 2.c4 Bg7 3.Nf3 f5 4.Nc3 Nf6 5.g3 O-O 6.Bg2 d6 7.O-O Nc6 8.d5 Na5 9.Nd2
c5 10.Qc2 a6 11.b3 Rb8 12.Bb2 b5 13.e3 bxc4 14.bxc4 e5 15.dxe6 Bxe6 16.Nd1 Qc7
17.h3 Ne4 18.Nxe4 fxe4 19.Bxe4 Nxc4 20.Bxg7 Qxg7 21.Qc3 d5 22.Qxg7+ Kxg7
23.Bg2 d4 24.exd4 cxd4 25.Re1 Kf7 26.f4 d3 27.Nf2 d2 28.Red1 Rfd8 29.Ne4 Ne3
30.Rxd2 Rxd2 31.Nxd2 Rb2 {#R} 0-1

[Event "It"]
[Site "masterchessopen.com - Bogota (Colombia)"]
[Round "0"]
[White "Hernandez Roman (CUB)"]
[Black "Polo Victor Ramon (COL)"]
[Result "1-0"]
[WhiteElo "2375"]
[BlackElo "2174"]

1.c4 d6 2.d4 f5 3.Nc3 Nf6 4.Nf3 g6 5.g3 Bg7 6.Bg2 O-O 7.O-O Nc6 8.d5 Ne5
9.Nxe5 dxe5 10.e4 f4 11.gxf4 Nh5 12.fxe5 Bxe5 13.Ne2 Qd6 14.f4 Nxf4 15.Nxf4
Bxf4 16.Bxf4 Rxf4 17.Rxf4 Qxf4 18.Qd4 Qg5 19.Qc3 h5 20.Rf1 h4 21.Qf3 Bg4
22.Qf7+ Kh8 23.Qf4 Qxf4 24.Rxf4 Be2 25.Bf1 g5 26.Rf7 Bh5 27.Rxe7 g4 28.e5 Rf8
29.e6 Rf3 30.Rxc7 g3 31.hxg3 Rxg3+ 32.Kh2 {#r} 1-0

[Event "It"]
[Site "masterchessopen.com - Borovo (Yugoslavia)"]
[Round "7"]
[White "Joksic Sinisa (SRB)"]
[Black "Ilincic Zlatko (SRB)"]
[Result "0-1"]
[WhiteElo "2251"]
[BlackElo "2467"]

1.d4 f5 2.Nf3 Nf6 3.g3 g6 4.Bg2 Bg7 5.O-O O-O 6.c4 d6 7.Nc3 Nc6 8.d5 Ne5
9.Nxe5 dxe5 10.Qb3 h6 11.e4 f4 12.gxf4 exf4 13.Bxf4 Nxe4 14.Be3 Nd6 15.c5 Nf5
16.Rad1 Kh7 17.Rfe1 Nh4 18.Qc4 Nxg2 19.Kxg2 Qd7 20.Qh4 Qg4+ 21.Qg3 Be5 22.f4
Bf6 23.Bd4 Bh4 24.Re4 Bxg3 25.Rxe7+ Rf7 26.Rxf7+ Kg8 27.Rg7+ Kf8 28.hxg3 Qh3+
29.Kf2 Qh2+ 30.Kf3 Bg4+ {#R} 0-1

[Event "It"]
[Site "masterchessopen.com - Borovo (Yugoslavia)"]
[Round "1"]
[White "Pavlovic Milos (SRB)"]
[Black "Joksic Sinisa (SRB)"]
[Result "1-0"]
[WhiteElo "2531"]
[BlackElo "2251"]

1.d4 g6 2.Nf3 f5 3.c4 d6 4.Nc3 Nf6 5.g3 Bg7 6.Bg2 O-O 7.O-O Nc6 8.d5 Na5 9.Qd3
c5 10.b3 a6 11.Bb2 Ng4 12.h3 Ne5 13.Nxe5 dxe5 14.Na4 Qd6 15.Qc3 b6 16.f4 Bd7
17.fxe5 Qc7 18.d6 exd6 19.Bd5+ Rf7 20.Bxf7+ Kf8 21.Bd5 Bxe5 22.Qd2 Bxa4
23.Bxe5 dxe5 24.Bxa8 {#r} 1-0

[Event "It \"]
[Site "masterchessopen.com - Brno (Czech Republic)"]
[Round "0"]
[White "Kolesar Milan (SVK)"]
[Black "Michalek Jan (CZE)"]
[Result "0-1"]
[WhiteElo "2305"]
[BlackElo "2332"]

1.c4 g6 2.g3 Bg7 3.Bg2 f5 4.d4 Nf6 5.Nf3 O-O 6.O-O d6 7.Nc3 Nc6 8.d5 Ne5
9.Nxe5 dxe5 10.e4 f4 11.gxf4 Nh5 12.f5 Nf4 13.Bxf4 exf4 14.fxg6 hxg6 15.f3 Be5
16.Rc1 Qd6 17.b3 Qb6+ 18.Kh1 Qf6 19.Ne2 Kg7 20.Qe1 Rh8 21.Qf2 Rh5 22.Rg1 Bd7
23.Bf1 Rah8 24.Rg2 g5 25.Rd1 Bh3 26.Rg1 Bd7 27.Rg2 Kf7 28.Ng1 b6 29.Be2 Bd6
30.Qd4 Qh6 {#R} 0-1

[Event "It \"]
[Site "masterchessopen.com - Budapest (Hungary)"]
[Round "2"]
[White "Meszaros Andras (HUN)"]
[Black "Fogarasi Tibor (HUN)"]
[Result "0-1"]
[WhiteElo "2302"]
[BlackElo "2420"]

1.d4 f5 2.c4 Nf6 3.Nc3 g6 4.g3 Bg7 5.Bg2 O-O 6.Nf3 d6 7.O-O Nc6 8.d5 Na5 9.Nd2
c5 10.Rb1 b6 11.b3 a6 12.a4 Rb8 13.Bb2 Bd7 14.e3 Qe8 15.Ne2 g5 16.f4 Qh5
17.fxg5 Ng4 18.Nf3 Bxb2 19.Rxb2 Nxe3 20.Qe1 Nxf1 21.Nf4 Qf7 22.Bxf1 Qg7 23.Re2
Nxb3 24.Rxe7 Rf7 25.Nh5 Rxe7 {#R} 0-1

[Event "It \"]
[Site "masterchessopen.com - Buenos Aires (Argentina)"]
[Round "3"]
[White "Llanos Guillermo (ARG)"]
[Black "Minzer Claudio Javier (ARG)"]
[Result "1-0"]
[WhiteElo "2381"]
[BlackElo "2452"]

1.Nf3 f5 2.d4 Nf6 3.g3 g6 4.Bg2 Bg7 5.O-O O-O 6.c4 d6 7.Nc3 Nc6 8.d5 Ne5
9.Nxe5 dxe5 10.Qb3 Kh8 11.e4 f4 12.gxf4 Nh5 13.fxe5 Bxe5 14.Ne2 Qd6 15.f4 Nxf4
16.Bxf4 Bxf4 17.Qc3+ Kg8 18.Rxf4 Rxf4 19.c5 Qf6 20.e5 Qg5 21.Nxf4 Qxf4 22.Rf1
Qh6 23.e6 c6 24.Qf3 Qg7 25.dxc6 Bxe6 26.cxb7 Rd8 27.Qe4 Bf5 28.Qd5+ {#r} 1-0

[Event "It (open) \"]
[Site "masterchessopen.com - Cologne (Germany)"]
[Round "0"]
[White "Schneider Georg (GER)"]
[Black "Huebner Wolfgang (GER)"]
[Result "0-1"]
[WhiteElo "2230"]
[BlackElo "2191"]

1.c4 f5 2.Nc3 Nf6 3.Nf3 g6 4.g3 Bg7 5.Bg2 O-O 6.O-O d6 7.d4 Nc6 8.d5 Na5 9.Nd2
c5 10.dxc6 Nxc6 11.e4 f4 12.Nf3 Nh5 13.Ne2 e5 14.Qd5+ Kh8 15.Rd1 Qe7 16.Nc3
Bg4 17.Rf1 Rad8 18.Qd3 Qd7 19.Nd5 h6 20.Nh4 Kh7 21.Bd2 Nd4 22.f3 Be6 23.g4 Nf6
24.Bc3 b5 25.b3 bxc4 26.bxc4 Qa4 27.Rfc1 Nd7 28.Ne7 Bxc4 29.Qd2 Ne2+ 30.Kh1
Nxc1 31.Rxc1 Bf7 32.Qxd6 Nb6 {#R} 0-1

[Event "It (open)"]
[Site "masterchessopen.com - Dieren (Netherlands)"]
[Round "9"]
[White "Sijbesma Rienk (NED)"]
[Black "Noetzel Frank (GER)"]
[Result "0-1"]
[WhiteElo "2132"]
[BlackElo "2245"]

1.d4 f5 2.Nf3 Nf6 3.g3 g6 4.Bg2 Bg7 5.O-O O-O 6.c4 d6 7.Nc3 Nc6 8.d5 Ne5
9.Nxe5 dxe5 10.b3 e4 11.Qc2 e5 12.Rd1 Rf7 13.e3 g5 14.Ba3 Qe8 15.d6 c6 16.Bb2
Be6 17.Na4 Nd7 18.c5 Rf6 19.h3 Qh5 20.Rd2 Raf8 21.Qd1 Qg6 22.Qe2 h5 23.Bc3 h4
24.gxh4 g4 25.Kh2 Qh5 26.Rh1 Rg6 27.Kg1 f4 28.Bxe4 gxh3+ 29.Kh2 Rg4 30.exf4
Bh6 31.f5 Bf4+ {#R} 0-1

[Event "It"]
[Site "masterchessopen.com - Dundee (Scotland)"]
[Round "0"]
[White "Orr Mark J L (IRL)"]
[Black "Plaskett Jim (ENG)"]
[Result "0-1"]
[WhiteElo "2260"]
[BlackElo "2480"]

1.g3 f5 2.d4 Nf6 3.Bg2 d6 4.Nf3 g6 5.O-O Bg7 6.c4 O-O 7.Nc3 Nc6 8.d5 Ne5
9.Nxe5 dxe5 10.e4 f4 11.gxf4 exf4 12.e5 Ng4 13.e6 Ne5 14.Qb3 g5 15.Re1 Qe8
16.Re4 Qh5 17.Ne2 c6 18.Bd2 b5 19.cxb5 cxb5 20.Ba5 Ng4 21.h3 Nf6 22.Re5 Ne8
23.Bf3 Qh6 24.Bc3 Nd6 25.Kh2 Rf6 26.Rg1 Rg6 27.Be4 g4 28.Bd4 f3 29.Rg3 Bxe5
30.Bxe5 Nxe4 {#R} 0-1

[Event "Ch France (team)"]
[Site "masterchessopen.com - France"]
[Round "0"]
[White "Pinter Jozsef (HUN)"]
[Black "Marin Mihail (ROM)"]
[Result "1-0"]
[WhiteElo "2580"]
[BlackElo "2550"]

1.d4 d6 2.Nf3 f5 3.g3 Nf6 4.Bg2 g6 5.O-O Bg7 6.c4 O-O 7.Nc3 Nc6 8.d5 Na5 9.Qa4
c5 10.dxc6 Nxc6 11.Rd1 Qa5 12.Qb3 Qb4 13.Be3 a5 14.Rac1 Be6 15.Na4 b5 16.Ng5
Bxc4 17.Qxb4 Nxb4 18.Bxa8 Bxe2 19.Nb6 Bxd1 20.Rxd1 Rb8 21.Bf3 Ng4 22.Nd5 Nxe3
23.fxe3 Bh6 24.h4 Bxg5 25.hxg5 Kf7 26.Nxb4 axb4 27.Rd4 {#r} 1-0

[Event "Cup Arnold"]
[Site "masterchessopen.com - Gausdal (Norway)"]
[Round "0"]
[White "Ostenstad Berge (NOR)"]
[Black "Saether Oystein (NOR)"]
[Result "1-0"]
[WhiteElo "2500"]
[BlackElo "2169"]

1.Nf3 f5 2.g3 Nf6 3.Bg2 g6 4.d4 Bg7 5.c4 d6 6.Nc3 O-O 7.O-O Nc6 8.d5 Ne5
9.Nxe5 dxe5 10.Qb3 Kh8 11.Rd1 h6 12.Bd2 g5 13.Be1 a6 14.c5 e4 15.f3 exf3
16.exf3 f4 17.Ne2 fxg3 18.hxg3 b6 19.Bf2 Nd7 20.cxb6 cxb6 21.Bd4 Nc5 22.Qc3
Bxd4+ 23.Qxd4+ Rf6 24.Nc3 Kg8 25.Ne4 Rf8 26.d6 Bb7 27.Nxc5 bxc5 28.Qe5 exd6
29.Rxd6 Qe8 30.Re6 Qf7 31.Re7 {#r} 1-0

[Event "It (open)"]
[Site "masterchessopen.com - Kavala (Greece)"]
[Round "0"]
[White "Kofidis Andreas (GRE)"]
[Black "Tzermiadianos Andreas (GRE)"]
[Result "1-0"]
[WhiteElo "2403"]
[BlackElo "2438"]

1.Nf3 f5 2.g3 Nf6 3.Bg2 g6 4.O-O Bg7 5.d4 O-O 6.c4 d6 7.Nc3 Nc6 8.Bg5 Ne4
9.Be3 Nxc3 10.bxc3 e5 11.Qc1 e4 12.Nd2 Ne7 13.Qc2 c6 14.Rae1 Be6 15.f3 d5
16.fxe4 dxe4 17.g4 Qd7 18.Bf4 b5 19.gxf5 gxf5 20.e3 bxc4 21.Rf2 c5 22.Bf1 cxd4
23.cxd4 Rac8 24.Bxc4 Bxc4 25.Nxc4 Qe6 26.Rc1 Nd5 27.Qb3 Nxf4 28.Rxf4 Bh6
29.Rf2 Bxe3 30.Qxe3 Rxc4 31.Rxc4 Qxc4 32.Qg3+ {#r} 1-0

[Event "It (open)"]
[Site "masterchessopen.com - Leningrad (Russia)"]
[Round "0"]
[White "Dukhov Alexander (RUS)"]
[Black "Nikolaev Sergej (RUS)"]
[Result "1-0"]
[WhiteElo "2374"]
[BlackElo "2375"]

1.d4 f5 2.c4 Nf6 3.g3 d6 4.Nf3 g6 5.Bg2 Bg7 6.O-O O-O 7.Nc3 Nc6 8.d5 Na5 9.Qc2
c5 10.b3 a6 11.Bb2 Rb8 12.Nd2 e5 13.dxe6 Bxe6 14.Rad1 Nc6 15.Nf3 h6 16.e4 fxe4
17.Nxe4 Bf5 18.Nh4 Nxe4 19.Bxg7 Kxg7 20.Bxe4 Bxe4 21.Qxe4 Qf6 22.f4 Nd4 23.Nf3
Rfe8 24.Qd3 Nxf3+ 25.Rxf3 Re6 26.f5 gxf5 27.Rxf5 Qe7 28.Rdf1 Re8 29.Qf3 {#r}
1-0

[Event "It"]
[Site "masterchessopen.com - Tuzla (Bosnia & Herzegovina)"]
[Round "9"]
[White "Blagojevic Dragisa (MNE)"]
[Black "Karpov Alexander (UZB)"]
[Result "1-0"]
[WhiteElo "2514"]
[BlackElo "2301"]

1.d4 f5 2.g3 Nf6 3.Bg2 g6 4.c4 Bg7 5.Nc3 d6 6.Nf3 O-O 7.O-O Nc6 8.d5 Na5 9.Qd3
c5 10.Bd2 a6 11.b3 Rb8 12.Rac1 Bd7 13.e4 b5 14.e5 Ng4 15.e6 Be8 16.Nd1 Ne5
17.Nxe5 Bxe5 18.Ne3 Bg7 19.f4 Qc7 20.Rb1 Bd4 21.Rfc1 bxc4 22.bxc4 Rxb1 23.Rxb1
g5 24.Kh1 Bg6 25.Qa3 Bxe3 26.Bxa5 {#r} 1-0

[Event "It (open)"]
[Site "masterchessopen.com - Wiesbaden (Germany)"]
[Round "5"]
[White "Brauer Volker (GER)"]
[Black "Schlesinger Omri (GER)"]
[Result "0-1"]
[WhiteElo "2118"]
[BlackElo "2237"]

1.Nf3 f5 2.d4 Nf6 3.g3 g6 4.Bg2 Bg7 5.O-O O-O 6.c4 d6 7.Nc3 Nc6 8.d5 Ne5
9.Nxe5 dxe5 10.e4 f4 11.b4 g5 12.c5 Qe8 13.Bb2 Ng4 14.h3 Qh5 15.hxg4 Bxg4
16.f3 fxg3 17.Re1 Qh2+ 18.Kf1 Rxf3+ {#R} 0-1

[Event "Ch Sweden (master's group)"]
[Site "masterchessopen.com - Borlange (Sweden)"]
[Round "10"]
[White "Backe Peter (SWE)"]
[Black "Carlsson Ingvar (SWE)"]
[Result "1-0"]
[WhiteElo "2235"]
[BlackElo "2088"]

1.c4 f5 2.d4 Nf6 3.g3 g6 4.Bg2 Bg7 5.Nf3 O-O 6.O-O d6 7.Nc3 Nc6 8.d5 Ne5
9.Nxe5 dxe5 10.Qb3 Nd7 11.Rd1 Kh8 12.Qa3 h6 13.c5 e4 14.Nb5 Ne5 15.Qb3 a6
16.Na3 Qe8 17.Be3 g5 18.Bd4 Qh5 19.Qc3 {#r} 1-0

[Event "It (open)"]
[Site "masterchessopen.com - Bozen (Italy)"]
[Round "0"]
[White "Ziegler Ari (SWE)"]
[Black "Barbero Gerardo F (ARG)"]
[Result "0-1"]
[WhiteElo "2341"]
[BlackElo "2441"]

1.d4 f5 2.g3 Nf6 3.Bg2 g6 4.Nf3 Bg7 5.O-O O-O 6.c4 d6 7.Nc3 Nc6 8.d5 Na5 9.Qc2
Bd7 10.b3 c6 11.Bb2 Rc8 12.dxc6 Nxc6 13.Rad1 Qe8 14.Ba3 h6 15.Rfe1 g5 16.e4
fxe4 17.Nxe4 Qh5 18.Nxf6+ Rxf6 19.Nd4 Rcf8 20.Bb2 Ne5 21.Rd2 b6 22.f3 Bh3
23.Bh1 Qf7 24.Qe4 Bg4 25.fxg4 Rf1+ 26.Kg2 Rf2+ 27.Rxf2 Qxf2+ 28.Kh3 h5 29.Bf3
Rxf3 30.Nxf3 hxg4+ 31.Qxg4 Nxg4 32.Bxg7 Qxf3 {#R} 0-1

[Event "It (open) (active)"]
[Site "masterchessopen.com - Buehl (Germany)"]
[Round "0"]
[White "Hasecic Sabahudin (BIH)"]
[Black "Holler Martin (GER)"]
[Result "1-0"]
[WhiteElo "2233"]
[BlackElo "2129"]

1.d4 d6 2.Nf3 g6 3.g3 Bg7 4.c4 f5 5.Bg2 Nf6 6.O-O O-O 7.Nc3 Nc6 8.d5 Na5 9.Qd3
c5 10.b3 Ne4 11.Bb2 a6 12.Nd2 Nxd2 13.Qxd2 Rb8 14.e4 b5 15.cxb5 axb5 16.exf5
Bxf5 17.Rfe1 Rf7 18.Ne4 h6 19.Bxg7 Kxg7 20.b4 cxb4 21.Qxb4 Qb6 22.Re2 Nc4
23.a4 Ne5 24.Rb1 Bd7 {#r} 1-0

[Event "It \"]
[Site "masterchessopen.com - Buenos Aires (Argentina)"]
[Round "3"]
[White "Ibarra Leovino (ARG)"]
[Black "Ippolitti Horacio (ARG)"]
[Result "1-0"]
[WhiteElo "1801"]
[BlackElo "2043"]

1.Nf3 f5 2.g3 Nf6 3.Bg2 g6 4.O-O Bg7 5.d4 O-O 6.c4 d6 7.Nc3 Nc6 8.a3 Na5 9.Qa4
b6 10.Ng5 Bd7 11.Qc2 Rb8 12.b4 Nb7 13.c5 dxc5 14.dxc5 bxc5 15.Qa2+ Kh8 16.Bb2
Qe8 17.Nd5 Nxd5 18.Bxd5 e6 19.Bxg7+ Kxg7 20.Bxe6 Rf6 21.Bxd7 Qxd7 22.Qb2 Qd4
23.Qa2 c4 24.Rad1 Qc3 25.Rd7+ Kf8 26.Rxc7 Qb3 27.Qa1 c3 28.Rxc3 Qd5 29.Rd3
{#r} 1-0

[Event "It (open) \"]
[Site "masterchessopen.com - Buenos Aires (Argentina)"]
[Round "2"]
[White "Martino Jorge (ARG)"]
[Black "Adla Diego (ARG)"]
[Result "0-1"]
[WhiteElo "2204"]
[BlackElo "2499"]

1.d4 f5 2.c4 Nf6 3.Nf3 g6 4.g3 Bg7 5.Bg2 O-O 6.O-O d6 7.Nc3 Nc6 8.a3 e5 9.d5
Ne7 10.e3 h6 11.b4 g5 12.Bb2 Ng6 13.Qb3 g4 14.Nd2 h5 15.c5 h4 16.Rfe1 Rf7
17.f4 gxf3 18.Bxf3 Bf8 19.cxd6 cxd6 20.gxh4 Nxh4 21.Kh1 Nxf3 22.Nxf3 Ng4
23.Re2 Bh6 24.Rg1 Rg7 25.Nd1 Qe8 26.Bc1 Qh5 27.e4 Bxc1 {#R} 0-1

[Event "It (open) \"]
[Site "masterchessopen.com - Buenos Aires (Argentina)"]
[Round "6"]
[White "Schipper Bernardo (ARG)"]
[Black "Cherati Mariana (ARG)"]
[Result "0-1"]
[WhiteElo "2116"]
[BlackElo "2060"]

1.d4 f5 2.c4 Nf6 3.Nc3 g6 4.Nf3 Bg7 5.g3 O-O 6.Bg2 d6 7.O-O Nc6 8.b3 e5 9.dxe5
dxe5 10.Bg5 e4 11.Ne1 h6 12.Qxd8 Rxd8 13.Bxf6 Bxf6 14.Rc1 Be6 15.f3 exf3
16.Bxf3 Bg5 17.Rc2 Nb4 {#R} 0-1

[Event "Ch Czechoslovakia (corr.)"]
[Site "masterchessopen.com - corr."]
[Round "0"]
[White "Sykora Josef (CZE)"]
[Black "Vaindl Jaroslav (CZE)"]
[Result "1-0"]
[WhiteElo "2143"]
[BlackElo "2133"]

1.c4 f5 2.g3 g6 3.Bg2 Bg7 4.Nc3 Nf6 5.Nf3 d6 6.d4 O-O 7.O-O Nc6 8.b3 Ne4 9.Bb2
Nxc3 10.Bxc3 e5 11.dxe5 dxe5 12.Qd5+ Kh8 13.Qxd8 Rxd8 14.Ng5 Re8 15.Bxc6 bxc6
16.Rad1 Kg8 17.Ba5 h6 18.Nf3 e4 19.Nd4 Bxd4 20.Rxd4 Re7 21.Rd8+ Kf7 22.Rfd1
Bb7 23.Bb4 {#r} 1-0

[Event "Ch Czechoslovakia (team) 1991/92"]
[Site "masterchessopen.com - Czechoslovakia"]
[Round "0"]
[White "Hala Bohumil (CZE)"]
[Black "Kolcak Marek (SVK)"]
[Result "1-0"]
[WhiteElo "2252"]
[BlackElo "2145"]

1.d4 f5 2.g3 Nf6 3.Bg2 g6 4.Nf3 Bg7 5.O-O O-O 6.c4 d6 7.Nc3 Nc6 8.b3 e5 9.dxe5
dxe5 10.e4 Qxd1 11.Rxd1 f4 12.Ba3 Re8 13.Nb5 fxg3 14.hxg3 Bg4 15.Nxc7 Nxe4
16.Nxa8 Rxa8 17.Re1 Nc3 18.Nh2 Bf5 19.Bb2 e4 20.Re3 Nd1 21.Rxd1 Bxb2 22.Bxe4
Bxe4 23.Rxe4 Rf8 24.Rd7 b6 25.Ng4 Bg7 26.f4 Rd8 27.Rxd8+ {#r} 1-0

[Event "Ch Saarland (A)"]
[Site "masterchessopen.com - Germany"]
[Round "3"]
[White "Mrkonjic Nenad (CRO)"]
[Black "Mischke Luis (GER)"]
[Result "1-0"]
[WhiteElo "2378"]
[BlackElo "2121"]

1.d4 f5 2.g3 Nf6 3.Bg2 g6 4.c4 d6 5.Nc3 Bg7 6.Nf3 O-O 7.O-O Nc6 8.Qc2 e5
9.dxe5 dxe5 10.Rd1 Qe7 11.Nd5 Nxd5 12.cxd5 Nb4 13.Qb3 Qd6 14.Nd2 e4 15.Nc4
{#r} 1-0

[Event "Oberliga Northeast 1991/92"]
[Site "masterchessopen.com - Germany"]
[Round "-57"]
[White "Richter Rainer (GER)"]
[Black "Welz Peter Dr (GER)"]
[Result "0-1"]
[WhiteElo "2067"]
[BlackElo "2133"]

1.Nf3 f5 2.c4 Nf6 3.Nc3 d6 4.d4 g6 5.g3 Bg7 6.Bg2 O-O 7.O-O Nc6 8.d5 Ne5
9.Nxe5 dxe5 10.e4 f4 11.gxf4 exf4 12.e5 Ng4 13.e6 Ne5 14.Qb3 f3 15.Bh3 g5
16.Re1 Qe8 17.Rxe5 Bxe5 18.Bg4 h5 19.Bh3 g4 20.Bf1 Qg6 21.Ne4 Qxe4 22.Bd3 Qe1+
{#R} 0-1

[Event "Tournament (team)"]
[Site "masterchessopen.com - Guarapuava (Brazil)"]
[Round "0"]
[White "Correa Aron A (BRA)"]
[Black "Nascimento Alexandre (ANG)"]
[Result "1-0"]
[WhiteElo "2380"]
[BlackElo "2145"]

1.Nf3 f5 2.c4 Nf6 3.Nc3 d6 4.d4 g6 5.g3 Bg7 6.Bg2 O-O 7.O-O Nc6 8.d5 Ne5
9.Nxe5 dxe5 10.e4 fxe4 11.Nxe4 Nxe4 12.Bxe4 Bh3 13.Re1 Qd7 14.c5 Rad8 15.Qb3
Bf5 16.c6 Qd6 17.cxb7 Kh8 18.Bg5 Rb8 19.Rac1 h6 20.Bxf5 Rxf5 21.Rc6 {#r} 1-0

[Event "Ch Hungary (corr.)"]
[Site "masterchessopen.com - Hungary"]
[Round "0"]
[White "Hogye Imre (HUN)"]
[Black "Petro Jozsef (HUN)"]
[Result "1-0"]
[WhiteElo "2083"]
[BlackElo "2054"]

1.d4 f5 2.c4 Nf6 3.Nc3 g6 4.Nf3 Bg7 5.g3 O-O 6.Bg2 d6 7.O-O Nc6 8.d5 Na5 9.Qd3
c5 10.Rb1 Ne4 11.Ng5 Nxc3 12.bxc3 Rb8 13.Rb5 a6 14.Rb1 Qd7 15.Ne6 Rf7 16.Bf4
b5 17.cxb5 axb5 18.Nxc5 Qa7 19.Ne6 Bd7 20.e4 fxe4 21.Bxe4 Nc4 22.h4 Bxe6
23.dxe6 Rxf4 24.gxf4 Qxa2 25.Bd5 Qa7 26.Bxc4 bxc4 27.Rxb8+ Qxb8 28.Qxc4 {#r}
1-0

[Event "It (open)"]
[Site "masterchessopen.com - Hyeres (France)"]
[Round "0"]
[White "Renaze Luc (FRA)"]
[Black "Bonnafous Michel (FRA)"]
[Result "1-0"]
[WhiteElo "2282"]
[BlackElo "2074"]

1.d4 f5 2.g3 Nf6 3.Bg2 g6 4.Nf3 Bg7 5.c4 d6 6.Nc3 O-O 7.O-O Nc6 8.Rb1 e5 9.d5
Ne7 10.Ng5 h6 11.Ne6 Bxe6 12.dxe6 c6 13.b4 Ne8 14.b5 Rf6 15.bxc6 bxc6 16.Rb7
e4 17.Rd7 Qa5 18.Bd2 Rxe6 19.Nd5 Qa6 20.Nxe7+ Kf8 21.Bf4 g5 22.Nxf5 gxf4
23.Nxg7 Nxg7 24.Qd4 {#r} 1-0

[Event "Ch Argentina (qual)"]
[Site "masterchessopen.com - La Plata (Argentina)"]
[Round "0"]
[White "Amura Claudia N (ARG)"]
[Black "Filgueira Hernan (ARG)"]
[Result "1-0"]
[WhiteElo "2328"]
[BlackElo "2308"]

1.d4 f5 2.g3 Nf6 3.Bg2 g6 4.c4 Bg7 5.Nc3 O-O 6.Nf3 d6 7.O-O Nc6 8.d5 Na5 9.Nd2
c5 10.a3 Bd7 11.Ra2 Rc8 12.e4 Ng4 13.exf5 Bxf5 14.Nce4 h6 15.Qe2 Qb6 16.h3 Nf6
17.g4 Bd7 18.Qd3 Ba4 19.b4 cxb4 20.axb4 Qxb4 21.Rb2 Nb3 22.Nxf6+ Rxf6 23.Nxb3
Rf7 24.Rb1 b5 25.Nd2 Qa5 26.Bb2 bxc4 27.Nxc4 Qa6 28.Bxg7 Rxg7 29.Rfc1 Bb5
30.Bf1 {#r} 1-0

[Event "Olympiad"]
[Site "masterchessopen.com - Manila (Philippines)"]
[Round "10"]
[White "Alaan Vince (PHI)"]
[Black "Annakov Babakuli (USA)"]
[Result "0-1"]
[WhiteElo "2367"]
[BlackElo "2429"]

1.d4 f5 2.c4 Nf6 3.Nf3 g6 4.g3 Bg7 5.Bg2 O-O 6.O-O d6 7.Nc3 Nc6 8.d5 Ne5
9.Nxe5 dxe5 10.e4 f4 11.gxf4 Nh5 12.fxe5 Bxe5 13.Ne2 Qd6 14.f4 Nxf4 15.Nxf4
Bxf4 16.Bxf4 Rxf4 17.Rxf4 Qxf4 18.Qd4 Qg5 19.Kh1 Bg4 20.Rf1 Be2 21.Re1 Qg4
22.Qe3 Bxc4 23.Bh3 Qh4 24.Qc3 h5 25.d6 Bd3 26.dxc7 Qxh3 {#R} 0-1

[Event "It (open)"]
[Site "masterchessopen.com - Meudon (France)"]
[Round "3"]
[White "Barchilon Jean-Charles (FRA)"]
[Black "Djurovic Dejan (SRB)"]
[Result "0-1"]
[WhiteElo "1895"]
[BlackElo "2305"]

1.d4 f5 2.Nf3 Nf6 3.g3 g6 4.Bg2 Bg7 5.O-O d6 6.c4 O-O 7.Nc3 Nc6 8.b3 h6 9.Bb2
g5 10.d5 Ne5 11.e3 Nxf3+ 12.Bxf3 Nd7 13.Bg2 f4 14.exf4 gxf4 15.Qh5 Ne5 16.Ne4
Bg4 17.Qh4 e6 18.Qxd8 Raxd8 19.dxe6 Bxe6 20.Rfd1 Rde8 21.Nc3 Bg4 22.Rd5 Nf3+
23.Kh1 fxg3 24.fxg3 Ne1 25.h3 Bf3 26.Bxf3 Rxf3 27.Rd2 Rf1+ {#R} 0-1

[Event "Ch Moscow"]
[Site "masterchessopen.com - Moscow (Russia)"]
[Round "0"]
[White "Grabuzova Tatiana (RUS)"]
[Black "Yagupov Igor (RUS)"]
[Result "0-1"]
[WhiteElo "2220"]
[BlackElo "2400"]

1.d4 f5 2.c4 Nf6 3.g3 g6 4.Bg2 Bg7 5.Nf3 O-O 6.O-O d6 7.Nc3 Nc6 8.d5 Ne5 9.Nd4
Nxc4 10.b3 Ne5 11.f4 Neg4 12.h3 Nh6 13.Be3 e5 14.dxe6 c6 15.Bf2 d5 16.b4 Qe7
17.b5 c5 18.Nb3 d4 19.Na4 Ne4 20.Bxe4 fxe4 21.Naxc5 e3 22.Be1 b6 23.Ne4 Qxe6
24.Ng5 Qd5 25.Rc1 Nf7 26.h4 Nxg5 27.hxg5 Bb7 28.Rf3 d3 29.Bb4 Rfe8 30.Rc7 dxe2
31.Qxd5+ {#R} 0-1